000 00324nam a22001457a 4500
003 SGT
020 _a9788119114542
082 _a364
_bSID
100 _aSIDDIQUE AHMAD
245 _aCRIMINOLOGY PENOLOGY AND VICTIMLOGY
250 _a8
260 _aLUCKNOW
_bEASTERN BOOK COMPANY
_c2024
300 _a558
942 _2ddc
_cBK
999 _c34401
_d34401